Marketingový průzkum poznáváme svoje zákazníky

Gespeichert in:
Bibliographische Detailangaben
1. Verfasser: Foret, Miroslav
Format: Buch
Sprache:Tschechisch
Veröffentlicht: Brno Computer Press 2008
Schriftenreihe:Praxe manažera
Schlagworte:
Tags: Tag hinzufügen
Keine Tags, Fügen Sie das erste Tag hinzu!

MARC

LEADER 00000nam a2200000 4500
001 0142663
005 20240313090052.0
020 |a 978-80-251-2183-2 
041 0 |a cze 
044 |a CZ 
245 1 0 |a Marketingový průzkum  |b poznáváme svoje zákazníky  |c Miroslav Foret 
264 1 |a Brno  |b Computer Press  |c 2008 
300 |a 121 s. 
490 1 |a Praxe manažera 
830 0 |a Praxe manažera 
610 2 0 |a výskum marketingový 
610 2 0 |a marketing 
610 2 0 |a prieskum spotrebiteľský 
610 2 0 |a zákazníci 
610 2 0 |a správanie spotrebiteľa 
100 1 |a Foret, Miroslav